000 00654nam a2200205Ia 4500
001 11367
003 GE_BSU
008 181216s||||||||xx |||||||||||||| ||und||
040 _cGE_BSU
080 _a634.8(075.8)
100 _aქანთარია ვ.ი.
245 _aმევენახეობა
245 _cრედ: ვ.ი. ქანთარია, მ.ა. რამიშვილი
260 _aთბილისი.
260 _bსაქ–ს სას–სამ. ინ–ტის გამ–ბა
260 _c1958
300 _a498გვ.26სმ.
653 _aმევენახეობა
942 _cBK
999 _c44564
_d44564